000 00650nam a22002057a 4500
999 _c9156
_d9156
003 AR-CdUCM
008 190327b ||||| |||| 00| 0 spa d
040 _aMUNICIPALIDAD PROVINCIAL DEL CUSCO
_cBIBLIOTECA MUNICIPAL DEL CUSCO
082 _a869.413 /
_bG88
100 _aGuerra Gutierrez, Alberto
_925195
245 _aLa tristeza y el vino /
260 _aBolivia :
_bLilial ,
_c1979.
300 _a8 páginas ;
_c22.9 cm.
500 _aContiene dedicatoria del mismo autor a Luis Nieto
650 _aPoesia Boliviana
_92577
650 _aPoesia Latinoamericana
_92147
650 _aPoesia Romantica
_914796
942 _2ddc
_cLIBROS
945 _artm